Dizionario delle idee. (Record n. 357949)

Dettagli MARC
000 -LEADER
fixed length control field 00764nam a2200229 i 4500
001 - CONTROL NUMBER
control field 000000203719
003 - CONTROL NUMBER IDENTIFIER
control field IT-MiSPE
005 - DATE AND TIME OF LATEST TRANSACTION
control field 20180709155719.0
008 - FIXED-LENGTH DATA ELEMENTS--GENERAL INFORMATION
fixed length control field 031003s1977 xx 000 b ita c
040 ## - CATALOGING SOURCE
Original cataloging agency IT-MiSPE
Language of cataloging ita
Transcribing agency IT-MiSPE
082 ## - DEWEY DECIMAL CLASSIFICATION NUMBER
Classification number 101-DIZ id (23175)
245 00 - TITLE STATEMENT
Title Dizionario delle idee.
260 ## - PUBLICATION, DISTRIBUTION, ETC. (IMPRINT)
Place of publication, distribution, etc. [Firenze] :
Name of publisher, distributor, etc. Sansoni,
Date of publication, distribution, etc. [1977]
300 ## - PHYSICAL DESCRIPTION
Extent 1302 p. ;
Dimensions 25 cm
490 1# - SERIES STATEMENT
Series statement Centro di Studi Filosofici di Gallarate
504 ## - BIBLIOGRAPHY, ETC. NOTE
Bibliography, etc Contiene indice sistematico (pp. 1287-1302)
655 07 - INDEX TERM--GENRE/FORM
Genre/form data or focus term Filosofia. Generalità. Storia generale
General subdivision Enciclopedie. Dizionari (italiano)
Source of term local
9 (RLIN) 57302
830 #0 - SERIES ADDED ENTRY--UNIFORM TITLE
Uniform title Centro di Studi Filosofici di Gallarate.
9 (RLIN) 57303
942 ## - ADDED ENTRY ELEMENTS (KOHA)
Source of classification or shelving scheme Dewey Decimal Classification
Koha item type LIBRO
Dati di copia
Withdrawn status Lost status Source of classification or shelving scheme Damaged status Not for loan Home library Current library Date acquired Total Checkouts Full call number Date last seen Price effective from Koha item type
    Dewey Decimal Classification Buone Condizioni Not For Loan CINISELLO CINISELLO 09/07/2018   101-DIZ id (23175) 09/07/2018 09/07/2018 LIBRO
CREDITS: SOCIETA' SAN PAOLO Via A.Severo, 58 - ROMA (RM) & PERIODICI SAN PAOLO SRL Via Giotto, 36 MILANO & CISF Via Giotto, 36 MILANO & EDIZIONI SAN PAOLO SRL,  Piazza Soncino, 5 CINISELLO BALSAMO (MI) -- ITALY